Catálogo

Política : (Registro nro. 28216)

Detalles MARC
000 -LEADER
fixed length control field 01450cam a2200349 a 4500
001 - CONTROL NUMBER
control field 28216
003 - CONTROL NUMBER IDENTIFIER
control field Mx-PuUPA
005 - DATE AND TIME OF LATEST TRANSACTION
control field 20250612150358.0
008 - FIXED-LENGTH DATA ELEMENTS--GENERAL INFORMATION
fixed length control field 140415s2004 mx gr 001 0 spa d
020 ## - INTERNATIONAL STANDARD BOOK NUMBER
International Standard Book Number 9682317894
040 ## - CATALOGING SOURCE
Transcribing agency Mx-PuUPA
Original cataloging agency Mx-PuUPA
Language of cataloging spa
Modifying agency Mx-PuUPA
Description conventions rda
041 1# - LANGUAGE CODE
Language code of text/sound track or separate title spa
Language code of original ita
100 1# - MAIN ENTRY--PERSONAL NAME
Personal name Cerroni, Umberto
9 (RLIN) 5620
Relator term autor
240 10 - UNIFORM TITLE
Uniform title Politica : metodo, teorie, processi, soggetti, istituzioni e categorie.
Language of a work Español
245 10 - TITLE STATEMENT
Title Política :
Remainder of title método, teorías, procesos, sujetos, instituciones y categorías /
Statement of responsibility, etc. Umberto Cerroni ; traducción, Alejandro Reza
250 ## - EDITION STATEMENT
Edition statement Cuarta edición /
Remainder of edition statement en español
264 #1 - PRODUCTION, PUBLICATION, DISTRIBUTION, MANUFACTURE, AND COPYRIGHT NOTICE
Place of production, publication, distribution, manufacture México, D.F. :
Name of producer, publisher, distributor, manufacturer Siglo Veintiuno Editores,
Date of production, publication, distribution, manufacture, or copyright notice 2004
300 ## - PHYSICAL DESCRIPTION
Extent 190 páginas;
Dimensions 21 cm
336 ## - CONTENT TYPE
Fuente rdacontent
Content type term texto
Content type code txt
337 ## - MEDIA TYPE
Source rdamedia
Media type term sin medio
Media type code n
338 ## - CARRIER TYPE
Source rdacarrier
Carrier type term volumen
Carrier type code nc
650 #7 - SUBJECT ADDED ENTRY--TOPICAL TERM
Source of heading or term armarc
Topical term or geographic name entry element Política
General subdivision Filosofía
Form subdivision Tratados, manuales, etc.
650 #7 - SUBJECT ADDED ENTRY--TOPICAL TERM
Source of heading or term armarc
Topical term or geographic name entry element Ciencias políticas
General subdivision Filosofía
650 #7 - SUBJECT ADDED ENTRY--TOPICAL TERM
Source of heading or term armarc
Topical term or geographic name entry element Ciencias políticas
General subdivision Historia
655 #4 - INDEX TERM--GENRE/FORM
Genre/form data or focus term Tratados, manuales, etc.
700 1# - ADDED ENTRY--PERSONAL NAME
Personal name Reza, Alejandro,
Relator term traductor
9 (RLIN) 15924
765 0# - ORIGINAL LANGUAGE ENTRY
Main entry heading Cerroni, Umberto
Title Politica - metodo, teorie, processi, soggetti, istituzioni e categorie
Edition Primera edición
Place, publisher, and date of publication Roma : La nuova Italia cientifica, 1986
942 ## - ADDED ENTRY ELEMENTS (KOHA)
Source of classification or shelving scheme Dewey Decimal Classification
Koha item type Libro
Classification part 320.01
Item part C4518
Existencias
Withdrawn status Lost status Source of classification or shelving scheme Damaged status Not for loan Collection code Home library Current library Shelving location Date acquired Source of acquisition Cost, normal purchase price Total Checkouts Full call number Barcode Date last seen Cost, replacement price Price effective from Koha item type
    Dewey Decimal Classification     General Biblioteca Karol Wojtyla Biblioteca Karol Wojtyla Sala general 01/01/2022 Donación 0.00   320.01 C4518 2004 48673 05/01/2026 0.00 03/12/2013 Libro